Sahityar samajtattwa : (Record no. 7912)

MARC details
000 -LEADER
fixed length control field 00526cam a2200205ua 4500
001 - CONTROL NUMBER
control field 8824
005 - DATE AND TIME OF LATEST TRANSACTION
control field 20260515114400.0
008 - FIXED-LENGTH DATA ELEMENTS--GENERAL INFORMATION
fixed length control field 190405n ii |||gr||||Z||||||asm
020 ## - INTERNATIONAL STANDARD BOOK NUMBER
International Standard Book Number 9788173394515
040 ## - CATALOGING SOURCE
Transcribing agency MAIN
041 ## - LANGUAGE CODE
Language code of text/sound track or separate title asm
082 ## - DEWEY DECIMAL CLASSIFICATION NUMBER
Classification number 800
100 ## - MAIN ENTRY--PERSONAL NAME
Personal name Bezborah, N. M.,
Relator term Author.
245 ## - TITLE STATEMENT
Title Sahityar samajtattwa :
Remainder of title siddhanta aru prayog /
Statement of responsibility, etc. By Nirajana Mahanta Bezborah .
250 ## - EDITION STATEMENT
Edition statement 1st.
260 ## - PUBLICATION, DISTRIBUTION, ETC.
Place of publication, distribution, etc. Dibrugarh:
Name of publisher, distributor, etc. Banalata,
Date of publication, distribution, etc. 2011.
300 ## - PHYSICAL DESCRIPTION
Extent 128p.
653 ## - INDEX TERM--UNCONTROLLED
Uncontrolled term Literature & rhetoric
942 ## - ADDED ENTRY ELEMENTS (KOHA)
Koha item type Books
Holdings
Withdrawn status Lost status Damaged status Not for loan Home library Current library Shelving location Date acquired Total checkouts Full call number Barcode Date last seen Date last checked out Copy number Price effective from Koha item type
        Naharkatiya College Library Naharkatiya College Library General stacks 09/19/2020 1 800Literature | BEZ 21001 08/02/2023 08/19/2021 1 09/19/2020 Books
        Naharkatiya College Library Naharkatiya College Library General stacks 09/19/2020 1 800Literature | BEZ 21002 09/24/2021 09/13/2021 4 09/19/2020 Books
        Naharkatiya College Library Naharkatiya College Library General stacks 09/19/2020   800Literature | BEZ 21003 09/19/2020   5 09/19/2020 Books
        Naharkatiya College Library Naharkatiya College Library General stacks 09/19/2020   800Literature | BEZ 21004 09/19/2020   3 09/19/2020 Books
        Naharkatiya College Library Naharkatiya College Library General stacks 09/19/2020   800Literature | BEZ 21005 09/19/2020   2 09/19/2020 Books